00593 a2200181 4500003000400000005001700004008004100021020001800062040000900080082001900089100002500108245004000133260003900173300000900212942004400221952012900265999001700394OSt20231229101418.0231229b |||||||| |||| 00| 0 eng d a9788170552130 coclc a891.433bSIN/N aSingh, Namita910179 aNEELGAY KI AANKHEN /cNamitha Singh aNew Delhi:bVani Prakashan,c2021. a162p 2ddccBKh891.433iSIN/Nk891.433mSIN/N 00102ddc40708FICaMESbMEScHINd2023-12-29l0o891.433 SIN/Np43239r2023-12-29 10:14:54v299.00w2023-12-29yBKzGR7R3 c43605d43605